| 000 | 00558 a2200181 4500 | ||
|---|---|---|---|
| 001 | 131429 | ||
| 003 | OSt | ||
| 005 | 20210913163044.0 | ||
| 008 | |||
| 082 |
_a333.7072 _bB31R |
||
| 245 | 1 |
_aA research tools in natural resource and environmental economics _cedited by Amitrajeet A. Batabyal and Peter Nijkamp |
|
| 260 |
_aNew jersey _bWorld Scientific _c2011 |
||
| 300 | _a460p. | ||
| 690 | _aEnvironmental economics | ||
| 700 |
_aBatabyal, Amitrajeet A. _eEditor |
||
| 700 | 1 |
_aNijkamp, Peter _eEditor |
|
| 942 |
_2ddc _cBK |
||
| 999 |
_c5909 _d5909 |
||